| 000 | 00427nam a2200109Ia 4500 | ||
|---|---|---|---|
| 008 | 171204s9999 xx 000 0 und d | ||
| 245 | _aUpstairs And Downstairs: British Costume Drama Television From The Forsyte Saga To Downton Abbey: | ||
| 245 | _cJames Leggott and Julie Taddeo | ||
| 260 | _c2014 | ||
| 650 | _xTV PRODUCTION AND DIRECTION | ||
| 856 | _uhttp://down.ebook777.com/006/UpsAndDowBriCosDraTelFroTheForSagToDowAbb.pdf | ||
| 999 |
_c346187 _d346187 |
||